000 00777 a2200229 4500
005 20080925101214.0
008 080827t xxu||||| |||| 00| 0 eng d
010 _aENG-91277
020 _c160.00
035 _aEN-74810
037 _bDBAD / PUB
040 _adpl
_bEnglish
082 _a658
100 _aSubba Rao, P.
245 _aPrinciples and practice of management /
_cby P. Subba Roa [and] Hari Shankar Pande
260 _aNew Delhi
_bHimalaya Publishing House
_c2008
300 _a192p.
_c24cm (pbk )
650 _aManagement
700 _aPande, Hari Shankar
942 _adpl
_cEN
_2ddc
_h658
_mSUB
999 _c16637
_d16637